00503 2200193 4500001002100000005001500021008004100036020001800077035001900095041000700114082000800121090001400129100000800143245005000151250001000201260004100211300003300252650002400285INLIS00000000001370720241224114616241224||||||||| | ||| |||| || |  a979-8563-08-5 0010-1224013707 aid0 a350 a350 LEM s0 alem00asistem administrasi negara republik indonesia aCet.3 aJakartabpt. toko gunung agungc1997 a247 hlm. ; 20,5 cm x 14,5 cm 0aadministrasi negara